Сопротивление металлов и дерева резанию. Теория резания и приложение ее к машинам-орудиям: сочинение, составленное на основании собственных исследований

Xehetasun bibliografikoak
Egile nagusia: Тиме И. А. Иван Августович
Gaia:Автор посвящает книгу Его Превосходительству Владимиру Карловичу Рашету
Текст в русской дореформенной орфографии
Hizkuntza:errusiera
Argitaratua: Санкт-Петербург, Типография В. Демакова, 1870
Gaiak:
Formatua: Liburua
KOHA link:https://koha.lib.tpu.ru/cgi-bin/koha/opac-detail.pl?biblionumber=315112

MARC

LEADER 00000nam0a2200000 4500
001 315112
005 20260219161217.0
035 |a (RuTPU)RU\TPU\book\340545 
090 |a 315112 
100 |a 20160225d1870 m y0rusy50 ca 
101 0 |a rus 
102 |a RU 
105 |a a z 001zy 
200 1 |a Сопротивление металлов и дерева резанию. Теория резания и приложение ее к машинам-орудиям  |f И. А. Тиме  |e сочинение, составленное на основании собственных исследований 
210 |a Санкт-Петербург  |c Типография В. Демакова  |d 1870 
215 |a 140 с., [17] вкл. л. чертежей  |c табл. 
300 |a Автор посвящает книгу Его Превосходительству Владимиру Карловичу Рашету 
300 |a Текст в русской дореформенной орфографии 
316 |5 63413507: М-132694  |a Штамп-экслибрис: "Из книг инж. И. Н. Бутакова" 
316 |5 63413507: М-132694  |a На титульном листе владельческая подпись: "Бутаков" 
316 |5 63413507: 5413  |a На переднем форзаце владельческий экслибрис библиотеки ТТИ 
316 |5 63413507: 5413  |a На титульном листе надпись: «От Барнаульской казенной библиотеки бесплатно» 
317 |5 63413507: 37//136  |a Поступила в НТБ в 1900 году в составе книжного собрания С. Н. Кулибина 
317 |5 63413507: М-132694  |a Поступила в НТБ в 1970 г. в составе книжного собрания профессора ТПИ И. Н. Бутакова 
317 |5 63413507: 5413  |a Поступил в НТБ в 1903 г. в дар от Начальника Алтайского Горного округа в Барнауле А. Ф. Кублицкого-Пиоттух 
320 |a Постраничные примечания 
606 1 |a Техническая информация  |x Резание металлов  |2 stltpush  |3 (RuTPU)RU\TPU\subj\60050  |9 77540 
610 1 |a сопротивление материалов 
610 1 |a теория резания 
610 1 |a металлы 
610 1 |a дерево 
610 1 |a оборудование 
610 1 |a холодная обработка 
610 1 |a владельческие знаки 
610 1 |a владельческая надпись 
610 1 |a дары библиотеке 
610 1 |a Библиотека И. Н. Бутакова 
610 1 |a Библиотека С. Н. Кулибина 
610 1 |a Коллекция Колывано-Воскресенских заводов 
610 1 |a 19 век 
675 |a 621.9  |v 3 
700 1 |a Тиме  |b И. А.  |c горный инженер  |f 1838-1920  |g Иван Августович  |3 (RuTPU)RU\TPU\pers\21167  |9 8815 
801 1 |a RU  |b 63413507  |c 20160225 
801 2 |a RU  |b 63413507  |c 20220824  |g RCR 
942 |c BK